| 000 | 01106cab a2200277 4500 | ||
|---|---|---|---|
| 001 | WB2737-24 | ||
| 008 | 090401t1991 xxu||||| |||| 00| 0 eng d | ||
| 035 | _a(Sirsi) u56804 | ||
| 041 | _aeng | ||
| 245 | _aPay and ride paths | ||
| 260 | _c1991 | ||
| 350 | _a0 | ||
| 490 |
_aDaily Telegraph _v23 September 1991, 18 |
||
| 490 |
_aIndependent _v14 September 1991, 3(2) |
||
| 520 | _aTens of thousands of acres of farmland in five counties are being opened up to horse riders by the introduction of £2 a week toll bridlepaths. Nearly 200 landowners and farmers have entered into the agreement with the organisations running the scheme, East Anglian Farm Rides and South Eastern Toll Rides. The Rambler`s Association has announced plans to make it legally possible to roam across thousands of acres of open moorland. | ||
| 650 | _aACCESS | ||
| 650 | _aBRIDLEPATHS | ||
| 650 | _aCOUNTRYSIDE ACCESS | ||
| 650 | _aCOUNTRYSIDE | ||
| 650 | _aMOORLAND | ||
| 650 | _aRAMBLING | ||
| 650 | _aTOLL BRIDLEWAYS | ||
| 690 | _aHIGHWAYS RIGHTS OF WAY AND EASEMENTS | ||
| 942 | _n0 | ||
| 948 | _c04/03/1997 | ||
| 999 |
_c34675 _d34675 |
||